000
00143nam a22000857a 4500
082
_a
823
100
_a
ANN
245
_a
THE GREEDY FOX
942
_c
BK
999
_c
8355
_d
8355